000 00406 a2200169 4500
001 71286
020 _a8516030970
040 _cAnchieta - Colégio São Paulo
100 _aBandeira, Pedro
240 1 0 _aMais respeito, eu sou criança!
_lpor
245 1 0 _aMais respeito, eu sou criança!
300 _a79
362 0 _a2005
440 1 _aModerna
650 4 _aLiteratura infanto-juvenil
942 _cBK
999 _c71286
_d71286